[Event "Campbell mem."]
[Site "Winnipeg CAN"]
[Date "2016.12.13"]
[Round "6"]
[White "Trueman, Francis"]
[Black "Gannon, Keith"]
[Result "1/2-1/2"]
[WhiteElo "1731"]
[BlackElo "1430"]
[PlyCount "85"]
[EventDate "2016.11.01"]
[EventType "swiss"]
[EventRounds "7"]
[EventCountry "CAN"]

1. e4 e5 2. Nf3 d6 3. d3 Nf6 4. Nbd2 Nc6 5. g3 g6 6. Bg2 Bg7 7. O-O O-O 8. Re1
Re8 9. Qe2 Bd7 10. c3 a6 11. Nf1 b5 12. Bd2 Rb8 13. a3 a5 14. b3 Ne7 15. Ne3 c6
16. c4 Ng4 17. Nxg4 Bxg4 18. h3 Bxf3 19. Bxf3 b4 20. axb4 axb4 21. g4 c5 22.
Kh1 Nc6 23. Be3 Ra8 24. Rg1 Qc7 25. g5 Qb7 26. Bg4 Rxa1 27. Rxa1 Ra8 28. Qb2
Rxa1+ 29. Qxa1 Bf8 30. h4 Be7 31. Kh2 Kg7 32. Kg3 f6 33. Be6 Nd4 34. Bxd4 exd4
35. Bd5 Qc7 36. f4 fxg5 37. fxg5 Qd8 38. Qa7 h6 39. Qb7 hxg5 40. hxg5 Qf8 41.
Qd7 Qd8 42. Qxd8 Bxd8 43. Kg4 1/2-1/2

[Event "Campbell mem."]
[Site "Winnipeg CAN"]
[Date "2016.12.20"]
[Round "7"]
[White "Letain, Cory"]
[Black "Marshall, Ken"]
[Result "1-0"]
[WhiteElo "1731"]
[BlackElo "1456"]
[PlyCount "49"]
[EventDate "2016.11.01"]
[EventType "swiss"]
[EventRounds "7"]
[EventCountry "CAN"]

1. d4 d5 2. c4 c6 3. cxd5 cxd5 4. Nc3 Nf6 5. Bf4 a6 6. a3 Bf5 7. Nf3 e6 8. e3
Nbd7 9. Bd3 Ne4 10. O-O Nxc3 11. bxc3 Be7 12. Bxf5 exf5 13. Qb3 Nb6 14. Ne5 O-O
15. Rfb1 f6 16. Qxb6 fxe5 17. Qe6+ Kh8 18. Bxe5 Rc8 19. Rxb7 Re8 20. Rd7 Qa5
21. Bxg7+ Kxg7 22. Rxe7+ Rxe7 23. Qxe7+ Kg6 24. Qe6+ Kg5 25. Qxc8 1-0

[Event "Capablanca"]
[Site "Quebec CAN"]
[Date "2016.12.12"]
[Round "1"]
[White "Laprade, Jean jr"]
[Black "Bahadi, Khalid"]
[Result "1/2-1/2"]
[WhiteElo "1635"]
[BlackElo "1884"]
[PlyCount "77"]
[EventDate "2016.12.17"]
[EventType "swiss"]
[EventRounds "5"]
[EventCountry "CAN"]

1. e4 e5 2. Nf3 Nc6 3. Bb5 a6 4. Ba4 Nf6 5. O-O b5 6. Bb3 Be7 7. Re1 O-O 8. c3
d5 9. exd5 Nxd5 10. Nxe5 Nxe5 11. Rxe5 c6 12. d4 Bd6 13. Re1 Qh4 14. g3 Qh3 15.
Be3 Bg4 16. Qd3 f5 17. f4 g5 18. Qd2 Kg7 19. Bxd5 cxd5 20. Qf2 Rae8 21. Nd2 Re7
22. a4 bxa4 23. Nf1 Rfe8 24. Rxa4 gxf4 25. gxf4 Kh8 26. Rxa6 Bxf4 27. Bxf4 Rxe1
28. Be5+ R8xe5 29. dxe5 Re2 30. Ra8+ Kg7 31. Ra7+ Kg6 32. Qb6+ Kg5 33. Rg7+ Kf4
34. Qd4+ Re4 35. Qf2+ Kxe5 36. Re7+ Kf6 37. Rxe4 dxe4 38. Qd4+ Kg6 39. Qd6+
1/2-1/2

[Event "Capablanca"]
[Site "Quebec CAN"]
[Date "2016.12.12"]
[Round "1"]
[White "Pouliot, Lewis"]
[Black "Beauchesne, Jonathan"]
[Result "1/2-1/2"]
[WhiteElo "1463"]
[BlackElo "1840"]
[PlyCount "144"]
[EventDate "2016.12.17"]
[EventType "swiss"]
[EventRounds "5"]
[EventCountry "CAN"]

1. c4 Nf6 2. Nf3 g6 3. Nc3 Bg7 4. d4 d6 5. h3 O-O 6. e4 Nbd7 7. Be3 c5 8. d5
Re8 9. Qc2 a6 10. Be2 Qa5 11. O-O h5 12. Nd2 Nh7 13. f4 Rb8 14. f5 Ne5 15. fxg6
fxg6 16. Nf3 Bd7 17. Ng5 Nxg5 18. Bxg5 b5 19. cxb5 axb5 20. a3 b4 21. axb4 Qxb4
22. Rab1 Qd4+ 23. Kh1 Nf7 24. Bf4 Rb6 25. Rbd1 Qb4 26. Rb1 Reb8 27. Bd2 Qb3 28.
Qc1 R6b7 29. Bd1 Qb6 30. b3 Qc7 31. Ne2 Ba4 32. Nf4 Ne5 33. Ne6 Qd7 34. Nxg7
Kxg7 35. Qc3 Qe8 36. Qe3 Qh8 37. Bc3 Kg8 38. Bxe5 Qxe5 39. Bc2 Bb5 40. Rf3 Ra8
41. Rg3 Kg7 42. Rg5 Qd4 43. Qf3 Kh6 44. Qf4 Kg7 45. Qg3 Be8 46. e5 Kh7 47.
Bxg6+ Bxg6 48. Rxg6 Qxe5 49. Rf1 Qxg3 50. Rxg3 Rg8 51. Rff3 Rxg3 52. Rxg3 Rb4
53. Kg1 Re4 54. Kf2 Re5 55. Rd3 Kg6 56. h4 Kf6 57. g3 e6 58. dxe6 Kxe6 59. Kf3
d5 60. g4 hxg4+ 61. Kxg4 Kf6 62. Rh3 Kg6 63. Rc3 d4 64. Rd3 Re4+ 65. Kf3 Rxh4
66. Ke2 Re4+ 67. Kd2 Kf5 68. Rf3+ Ke5 69. Kd3 Rf4 70. Rh3 Rf5 71. Kc4 Ke4 72.
Rh4+ Rf4 1/2-1/2

[Event "Capablanca"]
[Site "Quebec CAN"]
[Date "2016.12.24"]
[Round "2"]
[White "Beauchesne, Jonathan"]
[Black "Flor, Gerson"]
[Result "0-1"]
[WhiteElo "1840"]
[BlackElo "1234"]
[PlyCount "102"]
[EventDate "2016.12.17"]
[EventType "swiss"]
[EventRounds "5"]
[EventCountry "CAN"]

1. e4 c6 2. d4 d5 3. Nc3 dxe4 4. Nxe4 Bf5 5. Ng3 Bg6 6. Nf3 e6 7. Ne5 Be7 8.
Nxg6 hxg6 9. Be3 Nd7 10. Qd2 Ndf6 11. Bc4 b5 12. Bb3 Ng4 13. h3 Nxe3 14. Qxe3
a5 15. a4 Nf6 16. O-O Nd5 17. Bxd5 Qxd5 18. axb5 cxb5 19. Qe4 Qxe4 20. Nxe4 O-O
21. Rfd1 Rfd8 22. Rd3 f5 23. Ng3 Rd6 24. Ne2 Kf7 25. Rb3 Rd5 26. Rc3 Bd6 27.
Rc6 Ke7 28. Nc3 Rxd4 29. Nxb5 Rd2 30. Rxd6 Rxd6 31. Nxd6 Kxd6 32. Kf1 g5 33.
Ke2 Rc8 34. Kd3 Ra8 35. b4 a4 36. c4 e5 37. Kc3 e4 38. Kd4 a3 39. Ra2 Kc6 40.
g4 g6 41. Ke5 e3 42. fxe3 Re8+ 43. Kd4 Rd8+ 44. Kc3 Ra8 45. gxf5 gxf5 46. Kb3
f4 47. exf4 gxf4 48. Rf2 a2 49. b5+ Kc5 50. Rxf4 a1=Q 51. Rf5+ Kb6 0-1

[Event "Capablanca"]
[Site "Quebec CAN"]
[Date "2016.12.24"]
[Round "2"]
[White "Boissinot, Claude"]
[Black "Bluteau, Yvon"]
[Result "0-1"]
[WhiteElo "1507"]
[BlackElo "1904"]
[PlyCount "100"]
[EventDate "2016.12.17"]
[EventType "swiss"]
[EventRounds "5"]
[EventCountry "CAN"]

1. e4 d5 2. exd5 Nf6 3. d4 Qxd5 4. Nc3 Qd8 5. Bc4 e6 6. Nf3 Be7 7. O-O O-O 8.
h3 b6 9. Be3 Bb7 10. Qe2 Nbd7 11. Rad1 c6 12. a4 Qc7 13. Rd2 Bb4 14. Rd3 Nd5
15. Nxd5 cxd5 16. Bb5 Rac8 17. c3 Bd6 18. Rd2 Nf6 19. Bd3 Ne4 20. Rc2 Qe7 21.
Bc1 h6 22. Qd1 Bc6 23. Re2 Bb8 24. Bxe4 dxe4 25. Nd2 Qd6 26. g3 f5 27. Nc4 Qd7
28. Ne5 Bxe5 29. dxe5 Bxa4 30. Qxd7 Bxd7 31. Rd2 Bb5 32. Re1 Bd3 33. f4 Rc4 34.
Rg2 b5 35. g4 Kh7 36. g5 a5 37. Re3 Rfc8 38. gxh6 gxh6 39. Reg3 R4c7 40. Rg6
Bc4 41. Be3 Rd7 42. Bd4 b4 43. R6g3 b3 44. h4 a4 45. h5 Bd3 46. Rxd3 exd3 47.
Rd2 Rb7 48. Rd1 a3 49. bxa3 b2 50. Rb1 d2 0-1

[Event "Capablanca"]
[Site "Quebec CAN"]
[Date "2016.12.24"]
[Round "2"]
[White "Cossette, Daniel"]
[Black "Potvin, Alain-Nicolas"]
[Result "1-0"]
[WhiteElo "2089"]
[BlackElo "1764"]
[PlyCount "75"]
[EventDate "2016.12.17"]
[EventType "swiss"]
[EventRounds "5"]
[EventCountry "CAN"]

1. e4 d6 2. d4 Nf6 3. Nc3 g6 4. Bc4 Bg7 5. Qe2 O-O 6. e5 dxe5 7. dxe5 Ng4 8. e6
f5 9. Nf3 Nc6 10. Bf4 Nd4 11. Nxd4 Bxd4 12. O-O c6 13. h3 Nf6 14. Rad1 Qb6 15.
Na4 Qb4 16. Rxd4 Qxa4 17. Bh6 Re8 18. Rfd1 b5 19. Bb3 Qa5 20. c4 c5 21. R4d2 b4
22. f3 Qb6 23. Ba4 Bxe6 24. Bxe8 Rxe8 25. b3 Kf7 26. Qe5 a5 27. Bf4 a4 28. Qc7
Qxc7 29. Bxc7 Rc8 30. Be5 axb3 31. axb3 Ne8 32. Rd8 Rc6 33. Ra8 Nd6 34. Rh8 h5
35. Rh7+ Ke8 36. Bxd6 Rxd6 37. Ra1 Bc8 38. Rh8+ 1-0

[Event "Capablanca"]
[Site "Quebec CAN"]
[Date "2016.12.24"]
[Round "2"]
[White "Marquis, Paul"]
[Black "Laprade, Jean jr"]
[Result "1/2-1/2"]
[WhiteElo "1916"]
[BlackElo "1635"]
[PlyCount "100"]
[EventDate "2016.12.17"]
[EventType "swiss"]
[EventRounds "5"]
[EventCountry "CAN"]

1. c4 c5 2. Nc3 Nc6 3. g3 Nf6 4. Bg2 g6 5. Nf3 Bg7 6. O-O O-O 7. d4 cxd4 8.
Nxd4 Nxd4 9. Qxd4 d6 10. Qd3 Rb8 11. Be3 b6 12. h3 Bb7 13. Bxb7 Rxb7 14. Rac1
Qd7 15. Kh2 Rc8 16. Rfd1 Rbc7 17. b3 Rc6 18. Bd2 Rc5 19. Nd5 Nxd5 20. cxd5 Rxc1
21. Rxc1 Rxc1 22. Bxc1 Qc7 23. Be3 Qc8 24. Qb5 Kf8 25. Qc6 Qxc6 26. dxc6 Ke8
27. b4 Kd8 28. b5 Kc7 29. Kg2 Bf6 30. Kf3 d5 31. Bd2 a5 32. a4 e5 33. e4 d4 34.
Ke2 Bd8 35. Kd3 Kd6 36. Kc4 Bc7 37. Bc1 Ke6 38. f4 f5 39. fxe5 fxe4 40. Kxd4
Bxe5+ 41. Kxe4 Bxg3 42. Bf4 Bf2 43. Be3 Bxe3 44. Kxe3 Kd6 45. h4 h6 46. Kd4 Ke6
47. Ke4 Kd6 48. Kf4 Ke6 49. Kg4 Kd6 50. h5 g5 1/2-1/2

[Event "Capablanca"]
[Site "Quebec CAN"]
[Date "2016.12.24"]
[Round "2"]
[White "Tremblay, Rejean"]
[Black "Tremblay-Alix, Eric"]
[Result "1-0"]
[WhiteElo "2240"]
[BlackElo "1818"]
[PlyCount "81"]
[EventDate "2016.12.17"]
[EventType "swiss"]
[EventRounds "5"]
[EventCountry "CAN"]

1. d4 Nf6 2. c4 d6 3. Nc3 g6 4. Nf3 Bg7 5. g3 O-O 6. Bg2 Nc6 7. O-O Bd7 8. d5
Na5 9. Qd3 c5 10. h3 a6 11. Nd2 b5 12. cxb5 axb5 13. Nde4 c4 14. Qb1 Qc8 15.
Nxf6+ Bxf6 16. Bh6 Re8 17. Kh2 b4 18. Ne4 Bh8 19. Rc1 Qa6 20. Qc2 Qb5 21. e3 b3
22. Qb1 bxa2 23. Rxa2 Nb3 24. Rc2 Reb8 25. Rxa8 Rxa8 26. Qf1 Rc8 27. Qe2 Na1
28. Nc3 Qb4 29. Rc1 Nb3 30. Rc2 Rb8 31. Qd1 Nc5 32. Bf1 Na4 33. Na2 Qa5 34.
Bxc4 Nxb2 35. Qe2 Ba4 36. Rc1 Nxc4 37. Qxc4 Be8 38. Nc3 f5 39. Ne2 Rb2 40. Qc8
Qb5 41. Qe6+ 1-0

[Event "Capablanca"]
[Site "Quebec CAN"]
[Date "2017.01.05"]
[Round "3"]
[White "Flor, Gerson"]
[Black "Cossette, Daniel"]
[Result "0-1"]
[WhiteElo "1234"]
[BlackElo "2089"]
[PlyCount "98"]
[EventDate "2016.12.17"]
[EventType "swiss"]
[EventRounds "5"]
[EventCountry "CAN"]

1. d4 d5 2. c4 e6 3. Nc3 c5 4. Nf3 Nc6 5. e3 Nf6 6. a3 a6 7. cxd5 exd5 8. Be2
Bg4 9. O-O Rc8 10. b3 Bd6 11. Rb1 O-O 12. b4 cxb4 13. Na4 Bf5 14. Bd3 Bxd3 15.
Qxd3 b5 16. Nc5 Bxc5 17. dxc5 bxa3 18. Bxa3 Na5 19. Rfc1 Nc4 20. c6 Re8 21. Nd4
Ne4 22. Ra1 Qg5 23. Rc2 Nxf2 24. Rxf2 Rxe3 25. Qf1 Rxa3 26. Rxa3 Nxa3 27. Rxf7
Qe3+ 28. Qf2 Qc1+ 29. Qf1 Qxf1+ 30. Rxf1 Nc4 31. Ra1 a5 32. Rb1 b4 33. Ra1 Kf7
34. Rf1+ Ke7 35. Re1+ Kd6 36. Re6+ Kc5 37. Nb3+ Kb6 38. Nd4 a4 39. Re7 Rc7 40.
Rd7 Rxd7 41. cxd7 Kc7 42. d8=Q+ Kxd8 43. Nc6+ Kc7 44. Nxb4 Kd6 45. Kf2 Kc5 46.
Nd3+ Kd4 47. Ke2 a3 48. Ne1 a2 49. g4 Kc3 0-1

[Event "Capablanca"]
[Site "Quebec CAN"]
[Date "2017.01.05"]
[Round "3"]
[White "Laflamme, Simon"]
[Black "Laprade, Jean jr"]
[Result "1/2-1/2"]
[WhiteElo "1823"]
[BlackElo "1635"]
[PlyCount "47"]
[EventDate "2016.12.17"]
[EventType "swiss"]
[EventRounds "5"]
[EventCountry "CAN"]

1. c4 c5 2. g3 g6 3. Bg2 Bg7 4. Nc3 Nf6 5. a3 O-O 6. b4 d6 7. e3 Nbd7 8. Nge2
Rb8 9. O-O Re8 10. Bb2 e6 11. d4 Nb6 12. Qb3 cxd4 13. exd4 d5 14. c5 Nc4 15.
Bc1 a6 16. Bf4 Ra8 17. Na4 Nh5 18. Be3 Bd7 19. Nb2 Nxe3 20. fxe3 Bc6 21. Nf4
Nxf4 22. gxf4 Bf6 23. Rf3 Bb5 24. Bf1 1/2-1/2

[Event "Capablanca"]
[Site "Quebec CAN"]
[Date "2017.01.05"]
[Round "3"]
[White "Lessard, Claude"]
[Black "Bluteau, Yvon"]
[Result "1-0"]
[WhiteElo "2132"]
[BlackElo "1904"]
[PlyCount "71"]
[EventDate "2016.12.17"]
[EventType "swiss"]
[EventRounds "5"]
[EventCountry "CAN"]

1. d4 Nf6 2. Nf3 g6 3. c4 Bg7 4. Nc3 d5 5. e3 O-O 6. cxd5 Nxd5 7. Bc4 c6 8. e4
Nxc3 9. bxc3 Nd7 10. e5 b5 11. Bd3 Nb6 12. O-O Be6 13. Ng5 Bd5 14. f4 e6 15.
Qg4 Qd7 16. Ba3 Rfc8 17. Rf2 Nc4 18. Bc5 h6 19. Nxf7 Qxf7 20. Bxg6 Qd7 21. f5
Ne3 22. Qh3 Nxf5 23. g4 Qd8 24. gxf5 Qg5+ 25. Qg3 Qxg3+ 26. hxg3 exf5 27. Bxf5
Rc7 28. Raf1 Bc4 29. Bd6 Rb7 30. Be4 Rb6 31. Re1 Bf8 32. Bf5 Re8 33. Bd7 Rd8
34. Rxf8+ Rxf8 35. e6 Rf3 36. e7 1-0

[Event "Capablanca"]
[Site "Quebec CAN"]
[Date "2017.01.05"]
[Round "3"]
[White "Potvin, Alain-Nicolas"]
[Black "Beauchesne, Jonathan"]
[Result "1-0"]
[WhiteElo "1764"]
[BlackElo "1840"]
[PlyCount "90"]
[EventDate "2016.12.17"]
[EventType "swiss"]
[EventRounds "5"]
[EventCountry "CAN"]

1. d4 Nf6 2. Nc3 d6 3. e4 Nbd7 4. Bc4 a6 5. Qe2 e5 6. Nf3 h6 7. O-O Be7 8. Rd1
exd4 9. Nxd4 Ne5 10. Bb3 O-O 11. Bf4 Ng6 12. Bg3 Bd7 13. f4 Bg4 14. Nf3 Qc8 15.
Qd3 Nh5 16. Ne2 Nxg3 17. hxg3 Rd8 18. Nh2 Bd7 19. Qf3 c5 20. c3 c4 21. Bc2 Qc5+
22. Kh1 Bc6 23. Nd4 b5 24. Nxc6 Qxc6 25. Ng4 Qc7 26. Ne3 Bf8 27. Rd2 Ra7 28.
Rad1 Qb8 29. e5 Rad7 30. Nf5 Qc7 31. Qg4 d5 32. Nd4 Ne7 33. e6 Rd6 34. exf7+
Kxf7 35. Re2 Qd7 36. Qf3 Kg8 37. Rde1 Re8 38. Nf5 Nxf5 39. Rxe8 Ne7 40. Qh5 Re6
41. Rxe6 Qxe6 42. Qe5 Qf7 43. Ra8 g5 44. Rxa6 Ng6 45. Rxg6+ Bg7 1-0

[Event "Capablanca"]
[Site "Quebec CAN"]
[Date "2017.01.05"]
[Round "3"]
[White "Tremblay-Alix, Eric"]
[Black "Pouliot, Lewis"]
[Result "1-0"]
[WhiteElo "1818"]
[BlackElo "1463"]
[PlyCount "61"]
[EventDate "2016.12.17"]
[EventType "swiss"]
[EventRounds "5"]
[EventCountry "CAN"]

1. c4 c6 2. g3 Nf6 3. Bg2 e6 4. Nf3 d5 5. Qc2 Be7 6. b3 O-O 7. Bb2 Re8 8. O-O
Bd6 9. c5 Be7 10. d4 b6 11. Nbd2 bxc5 12. dxc5 a5 13. a3 Bb7 14. Rad1 Nbd7 15.
b4 axb4 16. axb4 Ba6 17. Rfe1 Bb5 18. Qc3 Ba4 19. Rb1 Bf8 20. e4 dxe4 21. Nxe4
Nxe4 22. Rxe4 Nf6 23. Rd4 Nd5 24. Qd2 Be7 25. Rg4 Bf6 26. Ne5 Qb8 27. Nd7 Qd8
28. Bxd5 Qxd7 29. Bxf6 Qxd5 30. Rxg7+ Kf8 31. Rxh7 1-0

[Event "Capablanca"]
[Site "Quebec CAN"]
[Date "2017.01.17"]
[Round "4"]
[White "Beauchesne, Jonathan"]
[Black "Leblanc-Legault, Mathieu"]
[Result "0-1"]
[WhiteElo "1840"]
[BlackElo "1732"]
[PlyCount "120"]
[EventDate "2016.12.17"]
[EventType "swiss"]
[EventRounds "5"]
[EventCountry "CAN"]

1. e4 c6 2. d3 d5 3. Nd2 e5 4. g3 Nf6 5. Bg2 Bd6 6. Ngf3 O-O 7. O-O Re8 8. Re1
Bg4 9. Nf1 h6 10. Ne3 Bc5 11. h3 Bh5 12. g4 Bg6 13. Nh4 dxe4 14. Nxg6 fxg6 15.
dxe4 Qxd1 16. Rxd1 Kf7 17. Rd3 Na6 18. a3 Bb6 19. b4 Rad8 20. Nc4 Rxd3 21. cxd3
Bd4 22. Rb1 Re7 23. b5 Nc5 24. Bf1 cxb5 25. Rxb5 Ke6 26. Be3 Bxe3 27. Nxe3 b6
28. Nc4 Rd7 29. Nb2 Rd4 30. f3 Nfd7 31. Be2 g5 32. Kf2 a6 33. Rb4 b5 34. Rxd4
exd4 35. Kg3 Ke5 36. Bd1 Nb6 37. Bc2 g6 38. Bb1 Nba4 39. Nxa4 Nxa4 40. Bc2 Nc3
41. Kf2 h5 42. Bb3 h4 43. Bc2 Kf4 44. Bb3 a5 45. Bf7 Nb1 46. a4 bxa4 47. Ke1
Nc3 48. Kd2 a3 49. Kc2 a4 50. Be8 a2 51. Kb2 a3+ 52. Ka1 Kxf3 53. e5 Kf4 54. e6
Ke5 55. Bf7 Kf6 56. Bg8 Ne2 57. e7 Kxe7 58. Bd5 Nf4 59. Be4 Nxh3 60. Kxa2 Nf2
0-1

[Event "Capablanca"]
[Site "Quebec CAN"]
[Date "2017.01.17"]
[Round "4"]
[White "Bluteau, Yvon"]
[Black "Glode, Martin"]
[Result "0-1"]
[WhiteElo "1904"]
[BlackElo "1872"]
[PlyCount "60"]
[EventDate "2016.12.17"]
[EventType "swiss"]
[EventRounds "5"]
[EventCountry "CAN"]

1. Nf3 d5 2. d4 c6 3. g3 Bg4 4. Bg2 e6 5. O-O f5 6. Ne5 Nf6 7. a4 Bh5 8. Na3
Nbd7 9. Bf4 Nxe5 10. Bxe5 Bd6 11. Bxd6 Qxd6 12. c4 O-O 13. Qc2 f4 14. c5 Qc7
15. b4 e5 16. dxe5 Qxe5 17. Ra2 Rae8 18. Bf3 fxg3 19. hxg3 Bxf3 20. exf3 Nh5
21. Kg2 Rf6 22. Raa1 Nf4+ 23. gxf4 Rxf4 24. Rh1 Qg5+ 25. Kf1 g6 26. Re1 Rxe1+
27. Kxe1 Qg2 28. Rf1 Qxf3 29. Nc4 Rxc4 30. Qb1 Qc3+ 0-1

[Event "Capablanca"]
[Site "Quebec CAN"]
[Date "2017.01.17"]
[Round "4"]
[White "Cossette, Daniel"]
[Black "Lessard, Claude"]
[Result "1-0"]
[WhiteElo "2089"]
[BlackElo "2132"]
[PlyCount "109"]
[EventDate "2016.12.17"]
[EventType "swiss"]
[EventRounds "5"]
[EventCountry "CAN"]

1. e4 c5 2. Nf3 d6 3. Bb5+ Bd7 4. Bxd7+ Qxd7 5. c4 Nf6 6. Nc3 g6 7. d4 cxd4 8.
Nxd4 Bg7 9. O-O Nc6 10. Nde2 Rc8 11. f3 O-O 12. Bg5 h6 13. Bh4 g5 14. Bf2 Ne5
15. b3 a6 16. Rc1 b5 17. cxb5 axb5 18. a4 bxa4 19. Nxa4 Rxc1 20. Nxc1 Rb8 21.
Nd3 Nh5 22. Nxe5 Bxe5 23. g3 Qh3 24. Qc2 Kh7 25. Rb1 Rc8 26. Qe2 g4 27. f4 Bxf4
28. Qf1 Qxf1+ 29. Kxf1 Bd2 30. Ke2 Bb4 31. Kd3 Ng7 32. Bd4 Ne6 33. Nb6 Rb8 34.
Nd5 Nc5+ 35. Bxc5 dxc5 36. Kc4 e6 37. Nxb4 cxb4 38. Ra1 Kg6 39. Ra4 Rc8+ 40.
Kxb4 Rc2 41. Ka5 Rxh2 42. b4 h5 43. b5 h4 44. gxh4 Rb2 45. b6 g3 46. Ra3 g2 47.
Rg3+ Kh5 48. Ka6 Ra2+ 49. Kb5 Kxh4 50. Rg7 f5 51. b7 Kh3 52. Rg3+ Kh2 53. Rb3
g1=Q 54. b8=Q+ Kg2 55. Rg3+ 1-0

[Event "Capablanca"]
[Site "Quebec CAN"]
[Date "2017.01.17"]
[Round "4"]
[White "Laprade, Jean jr"]
[Black "Tremblay-Alix, Eric"]
[Result "0-1"]
[WhiteElo "1635"]
[BlackElo "1818"]
[PlyCount "90"]
[EventDate "2016.12.17"]
[EventType "swiss"]
[EventRounds "5"]
[EventCountry "CAN"]

1. e4 d6 2. d4 Nf6 3. Nc3 Nbd7 4. f4 c5 5. e5 cxd4 6. Qxd4 Ng4 7. exd6 Nb6 8.
Nb5 exd6 9. Nf3 a6 10. Nc3 Bf5 11. h3 Nf6 12. Be3 Nbd7 13. O-O-O Nc5 14. g4 Bd7
15. Bc4 Be7 16. Bxf7+ Kxf7 17. Ng5+ Ke8 18. Qc4 Qc8 19. Qf7+ Kd8 20. Bxc5 Qxc5
21. Rhe1 Re8 22. Qb3 b5 23. Nf7+ Kc7 24. Nd5+ Nxd5 25. Rxd5 Qc4 26. Qxc4+ bxc4
27. Red1 Be6 28. Nxd6 Bxd5 29. Nxe8+ Rxe8 30. Rxd5 Kc6 31. Re5 Kd6 32. Kd2 Rc8
33. Re3 Bf6 34. c3 Rc5 35. Kc2 Ra5 36. Kb1 g5 37. f5 Re5 38. Rf3 Re1+ 39. Kc2
Re2+ 40. Kb1 Be5 41. b3 Bf4 42. bxc4 Kc5 43. f6 Re6 44. f7 Rf6 45. Kc2 Rxf7 0-1

[Event "Capablanca"]
[Site "Quebec CAN"]
[Date "2017.01.30"]
[Round "5"]
[White "Bluteau, Yvon"]
[Black "Laprade, Jean jr"]
[Result "1-0"]
[WhiteElo "1904"]
[BlackElo "1635"]
[PlyCount "49"]
[EventDate "2016.12.17"]
[EventType "swiss"]
[EventRounds "5"]
[EventCountry "CAN"]

1. Nf3 d5 2. b3 Nf6 3. Bb2 e6 4. e3 Be7 5. c4 O-O 6. Be2 b6 7. O-O Bb7 8. Qc2
dxc4 9. bxc4 c5 10. Ng5 h6 11. Bxf6 hxg5 12. Bxe7 Qxe7 13. f4 f5 14. Nc3 Nc6
15. a3 g4 16. Rf2 Rae8 17. Re1 Qf6 18. g3 Kf7 19. Bf1 Rh8 20. Bg2 Ba8 21. Qa4
Na5 22. Bxa8 Rxa8 23. e4 Qd4 24. Nb5 Qxc4 25. Nd6+ 1-0

[Event "Capablanca"]
[Site "Quebec CAN"]
[Date "2017.01.30"]
[Round "5"]
[White "Glode, Martin"]
[Black "Cossette, Daniel"]
[Result "0-1"]
[WhiteElo "1872"]
[BlackElo "2089"]
[PlyCount "70"]
[EventDate "2016.12.17"]
[EventType "swiss"]
[EventRounds "5"]
[EventCountry "CAN"]

1. e4 c5 2. c3 Nf6 3. e5 Nd5 4. g3 d6 5. exd6 Qxd6 6. Bg2 Nc6 7. Ne2 Bg4 8. O-O
e6 9. h3 Bh5 10. Re1 Be7 11. Na3 O-O 12. d4 Rad8 13. Qa4 Nb6 14. Qb5 Bxe2 15.
dxc5 Qxc5 16. Qxe2 Qf5 17. Nc2 Qd3 18. Bf4 Qxe2 19. Rxe2 Nd5 20. Bd2 Bf6 21.
Ne3 Nb6 22. Rae1 Na4 23. Bc1 g6 24. Nc4 Rd7 25. Be3 Rfd8 26. Be4 Rc8 27. Bc2 b5
28. Nd2 Nxb2 29. Ne4 Bg7 30. Rb1 Nc4 31. Rxb5 Ne7 32. Bc1 Nd5 33. Bb3 a6 34.
Rc5 Rdc7 35. Rxc4 Rxc4 0-1

[Event "Capablanca"]
[Site "Quebec CAN"]
[Date "2017.01.30"]
[Round "5"]
[White "Lessard, Claude"]
[Black "Tremblay-Alix, Eric"]
[Result "1-0"]
[WhiteElo "2132"]
[BlackElo "1818"]
[PlyCount "61"]
[EventDate "2016.12.17"]
[EventType "swiss"]
[EventRounds "5"]
[EventCountry "CAN"]

1. d4 Nf6 2. c4 d6 3. Nc3 Nbd7 4. g3 e5 5. dxe5 dxe5 6. Nf3 Bd6 7. Bg2 O-O 8.
O-O Nb6 9. b3 e4 10. Ng5 Be5 11. Qc2 Bf5 12. Ba3 Re8 13. Rad1 Qc8 14. Ncxe4 h6
15. Nxf6+ Bxf6 16. Ne4 Qe6 17. Nxf6+ Qxf6 18. e4 Be6 19. Bb2 Qe7 20. Qc3 f6 21.
e5 Nd7 22. exf6 Nxf6 23. Bxb7 Rad8 24. Bc6 Bh3 25. Bxe8 Qe4 26. Bc6 Rxd1 27.
Rxd1 Qxc6 28. f3 Qc5+ 29. Qd4 Qf5 30. Qd8+ Kf7 31. Bxf6 1-0

[Event "Carnaval"]
[Site "Quebec CAN"]
[Date "2016.02.20"]
[Round "2"]
[White "Marquis, Paul"]
[Black "Dorion, Francois"]
[Result "1-0"]
[WhiteElo "1905"]
[BlackElo "1569"]
[PlyCount "31"]
[EventDate "2016.02.19"]
[EventType "swiss"]
[EventRounds "5"]
[EventCountry "CAN"]

1. c4 c5 2. Nc3 Nf6 3. g3 Nc6 4. Bg2 e5 5. e3 Be7 6. Nge2 d6 7. b3 O-O 8. Bb2
Be6 9. d4 exd4 10. exd4 d5 11. cxd5 Nxd5 12. O-O cxd4 13. Nb5 a6 14. Nbxd4 Nxd4
15. Nxd4 Qd7 16. Nxe6 1-0

[Event "Carnaval"]
[Site "Quebec CAN"]
[Date "2016.02.20"]
[Round "3"]
[White "Dorion, Francois"]
[Black "Zamorano, Luis Fernandez"]
[Result "0-1"]
[WhiteElo "1569"]
[BlackElo "1987"]
[PlyCount "80"]
[EventDate "2016.02.19"]
[EventType "swiss"]
[EventRounds "5"]
[EventCountry "CAN"]

1. e4 c5 2. f4 d6 3. Bb5+ Bd7 4. Bxd7+ Nxd7 5. Nf3 g6 6. d3 Bg7 7. O-O Ngf6 8.
Nc3 a6 9. f5 Qc7 10. Kh1 b5 11. a3 Qc6 12. d4 Nxe4 13. d5 Nxc3 14. dxc6 Nxd1
15. cxd7+ Kxd7 16. Rxd1 gxf5 17. Be3 Bxb2 18. Ra2 Bf6 19. Bxc5 Rac8 20. Bd4
Bxd4 21. Nxd4 Rc5 22. Rb2 Rd5 23. Rbb1 Rc8 24. Nf3 Rxd1+ 25. Rxd1 Rxc2 26. Kg1
f6 27. Ra1 e6 28. Kf1 e5 29. Ne1 Rd2 30. Nf3 Rd3 31. Ke2 e4 32. Nd2 d5 33. g3
d4 34. a4 b4 35. Nc4 Rc3 36. Nb6+ Kc6 37. a5 Rc2+ 38. Kd1 Rxh2 39. Rc1+ Kb5 40.
Nd5 e3 0-1

[Event "Carnaval"]
[Site "Quebec CAN"]
[Date "2016.02.20"]
[Round "3"]
[White "Song, Sam"]
[Black "Larochelle, Martial"]
[Result "1/2-1/2"]
[WhiteElo "2239"]
[BlackElo "2099"]
[PlyCount "108"]
[EventDate "2016.02.19"]
[EventType "swiss"]
[EventRounds "5"]
[EventCountry "CAN"]
[TimeControl "900+2"]

1. e4 e5 2. Qe2 Nf6 3. g3 Nc6 4. c3 d5 5. d3 dxe4 6. dxe4 Bg4 7. f3 Be6 8. Be3
a5 9. Nd2 Be7 10. Nh3 O-O 11. Nf2 Nd7 12. Qb5 Qc8 13. Bg2 Nd8 14. O-O c6 15.
Qe2 Bc5 16. f4 Bxe3 17. Qxe3 exf4 18. gxf4 f5 19. e5 Qc7 20. Qe2 Nc5 21. Rfd1
Qf7 22. b3 Bd5 23. Nf3 Nde6 24. Nh3 Qh5 25. Qe3 Rfd8 26. Nd4 Bxg2 27. Kxg2 Nxd4
28. Rxd4 Rxd4 29. cxd4 Ne6 30. Nf2 Rd8 31. Rd1 Qh4 32. Qg3 Qh6 33. Nh3 Qh5 34.
Qf3 Qxf3+ 35. Kxf3 Rxd4 36. Rxd4 Nxd4+ 37. Ke3 Ne6 38. Kd3 b5 39. a3 Kf7 40. b4
axb4 41. axb4 h6 42. Ke3 Nc7 43. Kd4 Na6 44. Nf2 Nxb4 45. Kc5 Nd5 46. Nd3 g5
47. fxg5 hxg5 48. Kxc6 Ke6 49. Kxb5 Nf4 50. Nxf4+ gxf4 51. Kc4 Kxe5 52. Kd3 Kf6
53. Ke2 Kg6 54. Kf3 Kg5 1/2-1/2

[Event "Carnaval"]
[Site "Quebec CAN"]
[Date "2016.02.21"]
[Round "4"]
[White "Abran, David"]
[Black "Dorion, Francois"]
[Result "1-0"]
[WhiteElo "1898"]
[BlackElo "1569"]
[PlyCount "49"]
[EventDate "2016.02.19"]
[EventType "swiss"]
[EventRounds "5"]
[EventCountry "CAN"]

1. d4 e5 2. dxe5 d6 3. Nf3 Bg4 4. Bf4 Nc6 5. exd6 cxd6 6. Nc3 Nf6 7. e3 Qa5 8.
Qd2 O-O-O 9. Be2 Bxf3 10. Bxf3 g5 11. Bg3 h5 12. h3 g4 13. hxg4 hxg4 14. Bxg4+
Nxg4 15. Rxh8 Nge5 16. O-O-O Nb4 17. a3 Nc4 18. Qd4 Nxa3 19. bxa3 Qxa3+ 20. Kd2
Nc6 21. Qg4+ Kb8 22. Qa4 Qc5 23. Qb5 Qa3 24. Rb1 Bg7 25. Qxb7# 1-0